header

Constructional approaches to English grammar (Record no. 30188)

MARC details
000 -LEADER
fixed length control field 01412nam a2200349 a 4500
082 04 - DEWEY DECIMAL CLASSIFICATION NUMBER
Classification number 425
245 00 - TITLE STATEMENT
Title Constructional approaches to English grammar
260 ## - PUBLICATION, DISTRIBUTION, ETC. (IMPRINT)
Place of publication Berlin ;
-- New York :
Name of publisher Mouton de Gruyter,
Year of publication c2008.
300 ## - PHYSICAL DESCRIPTION
Number of Pages vi, 310 p. :
Other physical details ill.
490 1# - SERIES STATEMENT
Series statement Topics in English linguistics,
650 #0 - SUBJECT ADDED ENTRY--TOPICAL TERM
Topical Term English language
Topical Term Construction grammar.
700 1# - ADDED ENTRY--PERSONAL NAME
Personal name Trousdale, Graeme,
Personal name Gisborne, Nikolas,
856 40 - ELECTRONIC LOCATION AND ACCESS
Uniform Resource Identifier http://site.ebrary.com/lib/rucke/Doc?id=10256461

No items available.

© 2026 Rongo University
Contact us: librarian | system librarian | Rongo university